| 000 | 00499nam a2200157 a 4500 | ||
|---|---|---|---|
| 001 | 000040679 | ||
| 005 | 20201002034311.0 | ||
| 008 | 130905s2002 sp 000 0 spa d | ||
| 020 | _a8420670081 | ||
| 040 |
_aDO-SdBNP _bspa _cBNPHU |
||
| 100 | 1 |
_aWittkower, Rudolf _967047 |
|
| 245 | 1 | 3 |
_aLa escultura : _bProcesos y principios / _cRudolf Wittkower ; traducción por Fernando Villaverde. |
| 260 |
_aMadrid : _bAlianza, _c2002. |
||
| 300 |
_a331 p. : _bil., retrs. ; _c24 cm. |
||
| 500 | _aIncluye índice | ||
| 999 |
_c40169 _d40169 |
||